Normal view
MARC view
Entry Meeting Name
001 - CONTROL NUMBER
- control field: 48492
003 - CONTROL NUMBER IDENTIFIER
- control field: ARRUPE
005 - DATE AND TIME OF LATEST TRANSACTION
- control field: 20191112095916.0
008 - FIXED-LENGTH DATA ELEMENTS
- fixed length control field: 191112|| aca||aabn | a|a d
040 ## - CATALOGING SOURCE
- Original cataloging agency: ARRUPE
- Transcribing agency: ARRUPE
111 ## - HEADING--MEETING NAME
- Meeting name or jurisdiction name as entry element: International Congress of Anthropological and Ethnological Sciences,
- Number [OBSOLETE]: 9th,
- Location of meeting: Chicago,
- Date of meeting: 1973.
670 ## - SOURCE DATA FOUND
- Source citation: Work cat.: (ARRUPE)0: Development from below :, [1976]